000 01259nam a2200301 i 4500
001 187641
003 ES-MaACL
005 20240131063034.0
008 171214s2009 sp |||| |dcat d
020 _a978-84-92583-71-3
080 _a081 Almirall, Valentí
100 1 _aAlmirall, Valentí,
_d1841-1904
_920151
245 1 0 _aObras completas /
_cValentí Almirall ; edició, introdució i notes a cura de Josép M. Figueres.
250 _a1ª ed.
260 _aBarcelona :
_bInstitut d'Estudis Catalans,
_c2009-2013.
300 _a2 v. ;
_c25 cm.
490 1 _aMonografies de la Secció Històrico-Arqueològica ;
_v11/1-2
504 _aBibliografía: p. 45 - 56.
505 8 _aContiene: v. 1. 1867-1879 (1063 p.) - v. 2. 1880-1884 (955 p.)
546 _aTextos en castellano y catalán.
700 0 _aFigueres i Artigas, Josep Maria.
_950772
830 0 _aMonografies de la Secció Històrico-Arqueològica ;
_v11/1-2
_9225589
852 _aES-MaACL
_jA-14138
_9194728
_bR.151283
_cDEPO1
_dOlim: N-7138
_hDonación: Casa de Velázquez
852 _aES-MaACL
_jA-14139
_bR.151285
_cDEPO1
_dOlim: N-7139
_hDonación: Casa de Velázquez
914 _92477
_aCasa de Velázquez
_ednr
942 _2udc
_cMONOGRAFIA
999 _c187641
_d187641